[Event "CAN op"]
[Site "Hamilton CAN"]
[Date "2022.07.13"]
[Round "4.44"]
[White "Dick, Joel"]
[Black "England, Max"]
[Result "0-1"]
[WhiteElo "1499"]
[BlackElo "2084"]
[PlyCount "128"]
[EventDate "2022.07.12"]
[EventType "swiss"]
[EventRounds "9"]
[EventCountry "CAN"]

1. e4 e5 2. Nf3 Nc6 3. Bb5 a6 4. Ba4 Nf6 5. O-O Be7 6. Re1 b5 7. Bb3 d6 8. c3
O-O 9. h3 Na5 10. Bc2 c5 11. d4 Qc7 12. d5 Bd7 13. Nbd2 Nb7 14. a4 c4 15. Nf1
Nc5 16. axb5 axb5 17. Bd2 Ra5 18. Rxa5 Qxa5 19. Ng3 Ra8 20. Nh4 Qa2 21. Nhf5
Bxf5 22. Nxf5 Kf8 23. Bc1 Ng8 24. Qg4 g6 25. Nxe7 Kxe7 26. f4 Nf6 27. Qg5 Ncd7
28. fxe5 dxe5 29. Rf1 Ra6 30. Bd1 Ke8 31. Bg4 Nxg4 32. Qxg4 Rd6 33. Qh4 Nf8 34.
Qh6 Rd7 35. Be3 f5 36. exf5 Rf7 37. g4 Qxb2 38. fxg6 Rxf1+ 39. Kxf1 Qb1+ 40.
Kf2 Qc2+ 41. Bd2 Nxg6 42. Qe3 Qa2 43. h4 Kd7 44. Qh6 b4 45. cxb4 c3 46. Qxh7+
Ne7 47. Qd3 cxd2 48. Ke2 d1=Q+ 49. Kxd1 Qa4+ 50. Ke2 Qxb4 51. Kf3 Qf4+ 52. Ke2
Qxg4+ 53. Kd2 Qg2+ 54. Kc1 Qxd5 55. Qh3+ Qe6 56. Qd3+ Ke8 57. Kb2 Qb6+ 58. Ka3
Qc5+ 59. Kb2 Qd4+ 60. Kc2 Qxd3+ 61. Kxd3 Kf7 62. Ke4 Kf6 63. h5 Nc6 64. h6 Kg6
0-1

[Event "CAN op"]
[Site "Hamilton CAN"]
[Date "2022.07.13"]
[Round "4.45"]
[White "Fradkin, Benjamin"]
[Black "Helwig, Frank"]
[Result "1-0"]
[WhiteElo "2076"]
[BlackElo "1559"]
[PlyCount "105"]
[EventDate "2022.07.12"]
[EventType "swiss"]
[EventRounds "9"]
[EventCountry "CAN"]

1. d4 Nf6 2. Bf4 d5 3. e3 c5 4. Nf3 Nc6 5. Be2 Bf5 6. O-O e6 7. c4 cxd4 8. Nxd4
Nxd4 9. Qxd4 Bd6 10. c5 Bxf4 11. Bb5+ Ke7 12. Qxf4 a6 13. Be2 Re8 14. Qb4 Rb8
15. Rc1 Qc7 16. Nd2 Kf8 17. Nb3 Kg8 18. Nd4 Ng4 19. Bxg4 Bxg4 20. h3 Bh5 21.
Qb6 Qxb6 22. cxb6 e5 23. Nb3 Re6 24. Rc5 Rxb6 25. Rxd5 f6 26. Rc1 Rc6 27. Rdc5
Be8 28. Kf1 Rbc8 29. Ke1 Kf7 30. g3 Ke7 31. f4 Rxc5 32. Rxc5 Rxc5 33. Nxc5 Bc6
34. fxe5 fxe5 35. Kd2 Kd6 36. Nd3 a5 37. Nf2 e4 38. Kc3 Kc5 39. a3 a4 40. h4 h5
41. Nh3 Kd5 42. Nf4+ Ke5 43. Nxh5 g6 44. Nf4 Kf5 45. Kd4 g5 46. hxg5 Kxg5 47.
Nd5 Kg4 48. Kxe4 Kxg3 49. Kd4 Kf3 50. e4 Ke2 51. e5 Kd2 52. e6 Kc2 53. Nb4+ 1-0

[Event "CAN op"]
[Site "Hamilton CAN"]
[Date "2022.07.13"]
[Round "4.46"]
[White "Berengolts, Isaac"]
[Black "Qian, Jessica"]
[Result "1-0"]
[WhiteElo "2042"]
[BlackElo "1532"]
[PlyCount "61"]
[EventDate "2022.07.12"]
[EventType "swiss"]
[EventRounds "9"]
[EventCountry "CAN"]

1. e4 e5 2. Nf3 Nc6 3. Bc4 Nf6 4. d3 Bc5 5. c3 d6 6. b4 Bb6 7. a4 a5 8. b5 Ne7
9. Qe2 Ng6 10. Be3 Bxe3 11. fxe3 O-O 12. O-O d5 13. exd5 Nxd5 14. Bxd5 Qxd5 15.
c4 Qd6 16. Nc3 Rd8 17. Rad1 f6 18. d4 Bg4 19. c5 Qe7 20. Qc4+ Qf7 21. d5 Bxf3
22. Rxf3 c6 23. Rf2 Rd7 24. Rfd2 Rad8 25. Qa2 cxd5 26. Rxd5 Rxd5 27. Rxd5 Rxd5
28. Qxd5 Qxd5 29. Nxd5 Kf8 30. c6 bxc6 31. b6 1-0

[Event "CAN op"]
[Site "Hamilton CAN"]
[Date "2022.07.13"]
[Round "4.47"]
[White "Drkulec, Vladimir"]
[Black "Mok, Erwin"]
[Result "1-0"]
[WhiteElo "2020"]
[BlackElo "1468"]
[PlyCount "105"]
[EventDate "2022.07.12"]
[EventType "swiss"]
[EventRounds "9"]
[EventCountry "CAN"]

1. d4 d5 2. c4 c6 3. Nf3 Nf6 4. Nc3 e6 5. Bg5 dxc4 6. Ne5 b5 7. g3 h6 8. Bxf6
Qxf6 9. Bg2 Bb7 10. Nxb5 Bb4+ 11. Kf1 Qe7 12. Nc3 c5 13. Nxc4 Bxg2+ 14. Kxg2
Qd7 15. dxc5 Qc6+ 16. e4 Bxc3 17. Nd6+ Ke7 18. bxc3 Qxc5 19. e5 Qxe5 20. Qf3
Qd5 21. Qxd5 exd5 22. Nb5 Rc8 23. Rad1 a6 24. Rhe1+ Kf6 25. Nd6 Rxc3 26. Rxd5
Kg6 27. Re7 Nc6 28. Rxf7 Rd8 29. Rc7 Rc2 30. h4 Nb4 31. Rxc2 Nxc2 32. h5+ Kh7
33. Rd2 Nb4 34. a3 Nc2 35. a4 Na3 36. Nc4 Rxd2 37. Nxd2 Nc2 38. Kf3 g6 39.
hxg6+ Kxg6 40. Ke4 Kg5 41. f4+ Kf6 42. g4 Nb4 43. Nf3 Na2 44. Kd4 Nc1 45. Nd2
Ne2+ 46. Ke3 Nc3 47. Ne4+ Nxe4 48. Kxe4 Ke6 49. a5 Kd6 50. Kf5 Kc5 51. Kg6 Kb5
52. f5 Kxa5 53. f6 1-0

[Event "CAN op"]
[Site "Hamilton CAN"]
[Date "2022.07.13"]
[Round "4.48"]
[White "Yuen, Noah Nathaniel"]
[Black "Zabor, Josh"]
[Result "1-0"]
[WhiteElo "1954"]
[BlackElo "1467"]
[PlyCount "83"]
[EventDate "2022.07.12"]
[EventType "swiss"]
[EventRounds "9"]
[EventCountry "CAN"]

1. d4 d5 2. c4 e6 3. Nc3 Nf6 4. cxd5 exd5 5. Bg5 c6 6. e3 Bf5 7. Nf3 Nbd7 8.
Be2 Qb6 9. Qc1 Bd6 10. O-O h6 11. Bh4 O-O 12. Bg3 Bxg3 13. hxg3 Rfe8 14. a3 a5
15. Na4 Qc7 16. b4 axb4 17. axb4 b5 18. Bxb5 Rec8 19. Be2 Ne4 20. Nc5 Ndxc5 21.
dxc5 Rab8 22. Nd4 Bg6 23. Qa3 Qb7 24. Ba6 Qc7 25. Bxc8 Rxc8 26. Qa7 Qe5 27. Qd7
Rc7 28. Nxc6 Rxc6 29. Qxc6 Nc3 30. Qc8+ Kh7 31. Ra3 Ne2+ 32. Kh2 Bf5 33. Qd8 f6
34. Ra8 Be6 35. Qh8+ Kg6 36. Qe8+ Kh7 37. Ra6 Bf5 38. Qxe5 fxe5 39. c6 d4 40.
exd4 exd4 41. c7 d3 42. Rd6 1-0

[Event "CAN op"]
[Site "Hamilton CAN"]
[Date "2022.07.13"]
[Round "4.49"]
[White "Hua, Michelle"]
[Black "Chen, Vincent"]
[Result "1-0"]
[WhiteElo "1930"]
[BlackElo "1445"]
[PlyCount "21"]
[EventDate "2022.07.12"]
[EventType "swiss"]
[EventRounds "9"]
[EventCountry "CAN"]

1. d4 Nf6 2. Bf4 g6 3. Nc3 d5 4. Nb5 a6 5. Nxc7+ Kd7 6. Nxa8 Nh5 7. Bxb8 e6 8.
Bc7 Qe7 9. Qd2 Bg7 10. Qc3 Qf6 11. Nb6+ 1-0

[Event "CAN op"]
[Site "Hamilton CAN"]
[Date "2022.07.13"]
[Round "4.50"]
[White "Latreille, Etienne"]
[Black "Hossain, Azher"]
[Result "1-0"]
[WhiteElo "1888"]
[BlackElo "1424"]
[PlyCount "43"]
[EventDate "2022.07.12"]
[EventType "swiss"]
[EventRounds "9"]
[EventCountry "CAN"]

1. e4 c6 2. d4 d5 3. e5 Bf5 4. Nd2 e6 5. Nb3 Nd7 6. Nf3 Bg6 7. Be2 Nh6 8. a4 a6
9. O-O Be7 10. a5 O-O 11. c4 dxc4 12. Bxc4 Qc7 13. Bg5 Bxg5 14. Nxg5 c5 15.
Bxe6 fxe6 16. Nxe6 Qc6 17. Nxf8 Rxf8 18. d5 Qb5 19. e6 Ne5 20. d6 Nf5 21. Qd5
c4 22. Nc5 1-0

[Event "CAN op"]
[Site "Hamilton CAN"]
[Date "2022.07.13"]
[Round "4.51"]
[White "Lin, Yu-Liang"]
[Black "Yang, Henry"]
[Result "0-1"]
[WhiteElo "1425"]
[BlackElo "1863"]
[PlyCount "86"]
[EventDate "2022.07.12"]
[EventType "swiss"]
[EventRounds "9"]
[EventCountry "CAN"]

1. c4 Nf6 2. d4 e6 3. Nf3 d5 4. Nc3 Be7 5. e3 c6 6. Be2 O-O 7. O-O Nbd7 8. Bd2
a6 9. a4 b6 10. Qc2 Bb7 11. Rfb1 dxc4 12. Bxc4 b5 13. Bd3 b4 14. Ne4 Nxe4 15.
Bxe4 Nf6 16. Ne5 Rc8 17. Bf3 Nd7 18. Nd3 a5 19. Rd1 Qb6 20. Rac1 c5 21. Bxb7
Qxb7 22. dxc5 Nxc5 23. Nxc5 Rxc5 24. Qb1 Rd5 25. e4 Rd4 26. f3 Qb6 27. Kf1 Qd6
28. Be3 Rxd1+ 29. Rxd1 Qxh2 30. Qc2 Qb8 31. Rd7 Rc8 32. Qd2 Rd8 33. Rxd8+ Qxd8
34. Ke2 h5 35. Qxd8+ Bxd8 36. Kd3 f5 37. Kc4 g5 38. Kc5 Kf7 39. Kd6 Be7+ 40.
Kd7 b3 41. e5 g4 42. Bb6 Ba3 43. Bd4 h4 0-1

[Event "CAN op"]
[Site "Hamilton CAN"]
[Date "2022.07.13"]
[Round "4.52"]
[White "Xu, Hannah"]
[Black "Supsup, Ferdinand"]
[Result "1/2-1/2"]
[WhiteElo "1295"]
[BlackElo "1810"]
[PlyCount "70"]
[EventDate "2022.07.12"]
[EventType "swiss"]
[EventRounds "9"]
[EventCountry "CAN"]

1. d4 Nf6 2. Bf4 c5 3. e3 cxd4 4. exd4 Qb6 5. Bc1 Nc6 6. Nf3 d5 7. c3 Bf5 8.
Bd3 Bg4 9. Nbd2 e6 10. h3 Bh5 11. O-O Bd6 12. Re1 Rc8 13. Nf1 Bb8 14. Ng3 Bg6
15. Bxg6 hxg6 16. Ne2 Qc7 17. Bf4 Qe7 18. Bxb8 Rxb8 19. Ng3 Nd7 20. Qd2 Na5 21.
Rab1 Nc4 22. Qe2 b5 23. Nf1 Qf6 24. Ne3 O-O 25. Nxc4 bxc4 26. Ne5 Nb6 27. b3
Qf4 28. bxc4 dxc4 29. Nxc4 Nxc4 30. Rxb8 Rxb8 31. Qxc4 Rb2 32. Rf1 Qd2 33. Qc7
Rxa2 34. Qd8+ Kh7 35. Qh4+ Kg8 1/2-1/2

[Event "CAN op"]
[Site "Hamilton CAN"]
[Date "2022.07.13"]
[Round "4.53"]
[White "Qian, Eric"]
[Black "Zhu, Isabelle"]
[Result "1-0"]
[WhiteElo "1753"]
[BlackElo "1179"]
[PlyCount "103"]
[EventDate "2022.07.12"]
[EventType "swiss"]
[EventRounds "9"]
[EventCountry "CAN"]

1. e4 e6 2. d4 d5 3. Nd2 Nf6 4. e5 Nfd7 5. Bd3 c5 6. c3 Nc6 7. Ne2 Qb6 8. Nf3
Be7 9. O-O O-O 10. Nf4 cxd4 11. cxd4 Qd8 12. a3 a6 13. Bc2 b5 14. Bxh7+ Kxh7
15. Qc2+ Kg8 16. Qxc6 Rb8 17. Bd2 Bb7 18. Qc2 Rc8 19. Qd3 Nb6 20. Ba5 Rc6 21.
b3 Qc8 22. h4 f5 23. Ng6 Re8 24. Nxe7+ Rxe7 25. Qe3 Nd7 26. Qg5 Qe8 27. h5 Nf8
28. Bb4 Rf7 29. Bxf8 Kxf8 30. Nh4 Qd7 31. Qg6 Ke8 32. Nf3 Kd8 33. g3 Kc7 34. b4
Kb8 35. Nd2 Rf8 36. Nb3 Rfc8 37. Nc5 Qe7 38. Rfb1 R8c7 39. Ra2 Bc8 40. a4 Ra7
41. Rba1 bxa4 42. Rxa4 Rb6 43. b5 Rxb5 44. Nxa6+ Bxa6 45. Rxa6 Rbb7 46. Kg2 Qf7
47. Qxf7 Rxf7 48. Rxa7 Rxa7 49. Rxa7 Kxa7 50. Kf3 Kb7 51. Kf4 Kc7 52. Kg5 1-0

[Event "CAN op"]
[Site "Hamilton CAN"]
[Date "2022.07.13"]
[Round "4.54"]
[White "Hartman, Liam"]
[Black "Locham, Divjot"]
[Result "0-1"]
[WhiteElo "1268"]
[BlackElo "1751"]
[PlyCount "80"]
[EventDate "2022.07.12"]
[EventType "swiss"]
[EventRounds "9"]
[EventCountry "CAN"]

1. d4 Nf6 2. c4 g6 3. f3 d5 4. cxd5 Nxd5 5. e4 Nb6 6. Nc3 Bg7 7. Be3 O-O 8. Qd2
Re8 9. h4 e5 10. d5 c6 11. d6 Re6 12. O-O-O Bf8 13. Bc5 N8d7 14. Ba3 c5 15. g4
Rxd6 16. Qe2 Rxd1+ 17. Qxd1 Qf6 18. Rh3 Qd6 19. Qe1 Qd4 20. Nge2 Qe3+ 21. Kb1
Nc4 22. f4 Qd2 23. Qc1 exf4 24. Nxf4 Nde5 25. Ncd5 Nxa3+ 26. bxa3 Qxc1+ 27.
Kxc1 Bxg4 28. Rg3 Bf3 29. Rg5 Bg7 30. Bg2 Bxg2 31. Rxg2 Bh6 32. Kc2 Nc4 33. Nh5
Rd8 34. Nhf6+ Kg7 35. Ng4 f5 36. exf5 Rxd5 37. f6+ Kf8 38. Rg1 Ne3+ 39. Kc3
Nxg4 40. Rxg4 Kf7 0-1

[Event "CAN op"]
[Site "Hamilton CAN"]
[Date "2022.07.13"]
[Round "4.56"]
[White "Holmgren, Emilian"]
[Black "Mok, Gillian"]
[Result "0-1"]
[WhiteElo "1226"]
[BlackElo "1735"]
[PlyCount "60"]
[EventDate "2022.07.12"]
[EventType "swiss"]
[EventRounds "9"]
[EventCountry "CAN"]

1. e4 e5 2. Nf3 Nc6 3. Bb5 a6 4. Ba4 Nf6 5. c3 Be7 6. Qe2 b5 7. Bb3 d6 8. d4
Bg4 9. h3 Bxf3 10. Qxf3 exd4 11. Bd5 Nxd5 12. exd5 Ne5 13. Qg3 dxc3 14. Nxc3
O-O 15. O-O Bh4 16. Qf4 Ng6 17. Qg4 f5 18. Qh5 f4 19. Ne2 Qf6 20. Nc3 Rae8 21.
a3 Qd4 22. Qd1 Qb6 23. Bd2 f3 24. Be3 Rxe3 25. fxe3 Qxe3+ 26. Kh2 Bg3+ 27. Kxg3
fxg2+ 28. Rf3 g1=Q+ 29. Qxg1 Rxf3+ 30. Kg4 Qf4+ 0-1

[Event "CAN op"]
[Site "Hamilton CAN"]
[Date "2022.07.13"]
[Round "4.61"]
[White "Malakhovets, Sergey"]
[Black "Wang, Andy"]
[Result "1-0"]
[WhiteElo "2204"]
[BlackElo "1806"]
[PlyCount "105"]
[EventDate "2022.07.12"]
[EventType "swiss"]
[EventRounds "9"]
[EventCountry "CAN"]

1. d4 d5 2. Nf3 Nf6 3. Bf4 e6 4. e3 c5 5. c3 Nc6 6. Nbd2 Be7 7. Ne5 Nxe5 8.
dxe5 Nd7 9. Bd3 Bg5 10. Bg3 Bh4 11. Qg4 Bxg3 12. Qxg3 O-O 13. O-O b6 14. Rad1
Bb7 15. Qh3 h6 16. f4 Qe7 17. Nf3 c4 18. Bc2 Nc5 19. Nd4 Ne4 20. Bxe4 dxe4 21.
Nb5 Bd5 22. Rd4 Rad8 23. Rfd1 Rd7 24. Qg4 a6 25. Nd6 Rfd8 26. f5 Kh8 27. Nxe4
exf5 28. Qxf5 Bxe4 29. Qxe4 Rxd4 30. exd4 f6 31. Re1 b5 32. exf6 Qxf6 33. Qe7
Rf8 34. Qxf6 Rxf6 35. Rf1 Re6 36. Kf2 Kg8 37. Re1 Kf7 38. Rxe6 Kxe6 39. Kf3 Kd5
40. Kf4 a5 41. h4 g6 42. g4 b4 43. h5 gxh5 44. gxh5 a4 45. a3 b3 46. Kf5 Kd6
47. Ke4 Ke6 48. d5+ Kf6 49. Kd4 Kg5 50. d6 Kf6 51. Kc5 Kf7 52. Kc6 Ke8 53. Kc7
1-0

[Event "CAN op"]
[Site "Hamilton CAN"]
[Date "2022.07.13"]
[Round "4.62"]
[White "Ruelland, Geoffrey"]
[Black "Buscar, Bernard"]
[Result "1-0"]
[WhiteElo "2086"]
[BlackElo "1789"]
[PlyCount "63"]
[EventDate "2022.07.12"]
[EventType "swiss"]
[EventRounds "9"]
[EventCountry "CAN"]

1. d4 d5 2. c4 Nf6 3. cxd5 Nxd5 4. Nf3 Nc6 5. e4 Nb6 6. d5 Nb8 7. Nc3 g6 8. Qd4
f6 9. h4 Bg7 10. h5 gxh5 11. Be3 Bg4 12. Nh2 h6 13. f3 Bc8 14. Be2 Qd6 15. f4
O-O 16. O-O-O N6d7 17. Nf3 Qb6 18. Qd2 Qb4 19. Rxh5 Nc5 20. Nd4 f5 21. e5 a5
22. Nc2 Ne4 23. Nxb4 Nxd2 24. Nc2 Ne4 25. Nxe4 fxe4 26. g4 Na6 27. a3 b6 28.
Rg1 Nc5 29. g5 Rf5 30. Nd4 hxg5 31. Nxf5 Bxf5 32. Rhxg5 1-0

[Event "CAN op"]
[Site "Hamilton CAN"]
[Date "2022.07.13"]
[Round "4.63"]
[White "Yang, Larry"]
[Black "Egorov, Mikhail"]
[Result "1/2-1/2"]
[WhiteElo "1807"]
[BlackElo "2055"]
[PlyCount "105"]
[EventDate "2022.07.12"]
[EventType "swiss"]
[EventRounds "9"]
[EventCountry "CAN"]

1. e4 c5 2. Nc3 Nc6 3. g3 g6 4. Bg2 Bg7 5. Nge2 d6 6. O-O e6 7. d3 Nge7 8. f4
O-O 9. g4 f5 10. g5 Rb8 11. Ng3 b5 12. Nce2 b4 13. c3 a5 14. Be3 Ba6 15. Re1
bxc3 16. bxc3 Rb2 17. Bc1 Rb6 18. Be3 Rb2 19. Bc1 Rb8 20. Be3 Qd7 21. exf5 Nxf5
22. Nxf5 Rxf5 23. Qa4 Bb5 24. Qc2 Ne7 25. Rab1 Re8 26. Bh3 Nd5 27. Bf2 Rff8 28.
Qd2 Bc6 29. c4 Ne7 30. Nd4 Nf5 31. Bxf5 cxd4 32. Bh3 Ba8 33. Rb6 Qc7 34. Qxa5
e5 35. Bg3 Qf7 36. Rxd6 exf4 37. Bf2 Rxe1+ 38. Qxe1 Qb7 39. Be6+ Kh8 40. Bd5
Qc7 41. Qe6 Bxd5 42. Qxd5 Qb8 43. Bxd4 Qb1+ 44. Kg2 Qc2+ 45. Kh3 Qxd3+ 46. Kh4
Bxd4 47. Qxd4+ Qxd4 48. Rxd4 f3 49. Rd1 Rf4+ 50. Kg3 Rxc4 51. Rf1 Ra4 52. Rf2
Ra3 53. Rxf3 1/2-1/2

[Event "CAN op"]
[Site "Hamilton CAN"]
[Date "2022.07.13"]
[Round "4.64"]
[White "Kim, Noah"]
[Black "Kearnan, Daniel"]
[Result "1-0"]
[WhiteElo "2000"]
[BlackElo "1769"]
[PlyCount "71"]
[EventDate "2022.07.12"]
[EventType "swiss"]
[EventRounds "9"]
[EventCountry "CAN"]

1. d4 Nf6 2. c4 b6 3. Nf3 Bb7 4. a3 e6 5. Nc3 d5 6. cxd5 Nxd5 7. Qc2 Nxc3 8.
bxc3 Be7 9. e4 O-O 10. Bd3 Nd7 11. O-O c5 12. Qe2 Qc7 13. Be3 c4 14. Bc2 b5 15.
Nd2 e5 16. dxe5 Qxe5 17. Bd4 Qc7 18. a4 a6 19. Rab1 Bc6 20. Qe3 Bd6 21. f4 f6
22. Rf2 Rfe8 23. Nf1 Re7 24. Ng3 g6 25. Qd2 Rd8 26. Rd1 Ree8 27. Qe3 Bb7 28. h4
g5 29. hxg5 fxg5 30. Nh5 Rf8 31. Rdf1 g4 32. Qg3 Kf7 33. Qxg4 Rg8 34. Qf5+ Ke8
35. Qxh7 Rf8 36. Ng7+ 1-0

[Event "CAN op"]
[Site "Hamilton CAN"]
[Date "2022.07.13"]
[Round "4.65"]
[White "Jiang, Barron Jiyu"]
[Black "Xu, Andrew"]
[Result "0-1"]
[WhiteElo "1791"]
[BlackElo "1939"]
[PlyCount "90"]
[EventDate "2022.07.12"]
[EventType "swiss"]
[EventRounds "9"]
[EventCountry "CAN"]

1. e4 e5 2. Nf3 Nc6 3. d4 exd4 4. Nxd4 Nf6 5. Nxc6 bxc6 6. e5 Qe7 7. Qe2 Nd5 8.
c4 Ba6 9. b3 Nb6 10. Bb2 Qe6 11. g3 Bb4+ 12. Nd2 O-O 13. Bg2 Rab8 14. Rb1 Bxc4
15. Qe3 Nd5 16. Qd4 Ba6 17. Bf1 c5 18. Qh4 Bxf1 19. Rxf1 Nc3 20. Bxc3 Bxc3 21.
f4 Qd5 22. Rf2 Bxd2+ 23. Rxd2 Qe4+ 24. Kf2 Qxb1 25. Rxd7 Qxa2+ 26. Kf3 Rxb3+
27. Kg4 Re3 28. Re7 Qe2+ 29. Kh3 h5 30. Qg5 Qf1+ 31. Kh4 Re2 32. h3 g6 33. Rxf7
Rxf7 34. Qxg6+ Kf8 35. Qh6+ Ke7 36. Qg5+ Kd7 37. e6+ Rxe6 38. Qd5+ Ke7 39. Qg5+
Rff6 40. Qxc5+ Kd8 41. Qd5+ Rd6 42. Qg8+ Kd7 43. Qh7+ Kc8 44. Qg8+ Rd8 45. Qc4
Qxc4 0-1

[Event "CAN op"]
[Site "Hamilton CAN"]
[Date "2022.07.13"]
[Round "4.66"]
[White "Joseph, Jonath"]
[Black "Wang, Derek"]
[Result "0-1"]
[WhiteElo "1782"]
[BlackElo "1934"]
[PlyCount "74"]
[EventDate "2022.07.12"]
[EventType "swiss"]
[EventRounds "9"]
[EventCountry "CAN"]

1. e4 c5 2. Nf3 Nc6 3. c3 d5 4. e5 d4 5. cxd4 Nxd4 6. Bc4 e6 7. Nc3 Ne7 8. d3
Nec6 9. O-O Nxf3+ 10. Qxf3 Nxe5 11. Bb5+ Nd7 12. Be3 Be7 13. Ne4 Qb6 14. Ba4
O-O 15. Qg3 f5 16. Bh6 Rf7 17. Ng5 Rf6 18. Bb3 Rxh6 19. Nxe6 Rxe6 20. Rfe1 Nf8
21. Re2 Kh8 22. Bxe6 Bxe6 23. Rae1 Bf6 24. h3 Rd8 25. a3 Qd6 26. Qe3 b6 27. Rd1
Bb3 28. Rdd2 Ne6 29. d4 Nxd4 30. Qxb3 Nxe2+ 31. Rxe2 Qd1+ 32. Qxd1 Rxd1+ 33.
Kh2 g6 34. Re6 Bxb2 35. Re8+ Kg7 36. Re7+ Kg8 37. Rxa7 c4 0-1

[Event "CAN op"]
[Site "Hamilton CAN"]
[Date "2022.07.13"]
[Round "4.67"]
[White "Lu, Tony"]
[Black "Klein, Gernot"]
[Result "1-0"]
[WhiteElo "1773"]
[BlackElo "1925"]
[PlyCount "115"]
[EventDate "2022.07.12"]
[EventType "swiss"]
[EventRounds "9"]
[EventCountry "CAN"]

1. e4 c5 2. Nc3 e6 3. f4 d5 4. Nf3 dxe4 5. Nxe4 Be7 6. b3 Nf6 7. Nc3 O-O 8. Bb2
Nc6 9. g3 a6 10. Bg2 Qc7 11. O-O b5 12. d3 Bb7 13. Qe2 Rad8 14. Rad1 Rfe8 15.
a4 bxa4 16. Nxa4 Nd4 17. Qf2 Ng4 18. Qd2 Bc6 19. Nc3 Qb7 20. Ne1 Bxg2 21. Nxg2
Nf3+ 22. Rxf3 Qxf3 23. Re1 Qb7 24. h3 Nf6 25. Ne3 Nh5 26. Qf2 Nf6 27. Nc4 Bf8
28. g4 Nd5 29. Ne4 Qc8 30. Ra1 f5 31. Ned2 fxg4 32. hxg4 Be7 33. Qg3 Bf6 34.
Bxf6 Nxf6 35. Nf3 Nd5 36. Nfe5 Rf8 37. Rf1 Nb4 38. Rf2 Nc6 39. Rh2 Rd4 40. Rf2
Nxe5 41. Nxe5 a5 42. g5 a4 43. c3 Rd5 44. bxa4 Qa6 45. Qh3 Rb8 46. c4 Rb1+ 47.
Kh2 Rd8 48. f5 Qb7 49. Nf3 Rxd3 50. fxe6 Rb2 51. Rxb2 Qxb2+ 52. Kg3 Qe5+ 53.
Kf2 Qb2+ 54. Kg3 Qc3 55. Qf5 Rd8 56. Qf7+ Kh8 57. e7 Rg8 58. Qxg8+ 1-0

[Event "CAN op"]
[Site "Hamilton CAN"]
[Date "2022.07.13"]
[Round "4.68"]
[White "Zaka, Mohid"]
[Black "Lazarev, Shon"]
[Result "1-0"]
[WhiteElo "1749"]
[BlackElo "1924"]
[PlyCount "101"]
[EventDate "2022.07.12"]
[EventType "swiss"]
[EventRounds "9"]
[EventCountry "CAN"]

1. d4 e6 2. c4 d5 3. cxd5 exd5 4. Nc3 c6 5. Qc2 Nf6 6. Bg5 Be7 7. e3 Nbd7 8.
Bd3 O-O 9. Nge2 Re8 10. O-O h6 11. Bh4 Nh5 12. Bxe7 Qxe7 13. Rab1 a5 14. Na4
Qd6 15. Bf5 b5 16. Bxd7 Bxd7 17. Nb6 Ra7 18. Nxd7 Rxd7 19. Rfc1 Re6 20. Qc5 Qb8
21. b4 a4 22. Ng3 Nf6 23. Qc2 g6 24. Qe2 h5 25. Nf1 Kg7 26. Nd2 Rdd6 27. Rc3
Nd7 28. Rbc1 Qd8 29. Nf3 f5 30. Qc2 Qf6 31. h4 Nb8 32. Ng5 Re7 33. Qd2 Rd8 34.
g3 Rde8 35. Rc5 f4 36. gxf4 Qf5 37. Qd1 Rc8 38. Qf3 Rce8 39. Kg2 Qd3 40. Qd1
Qa3 41. Qd2 Na6 42. Rxc6 Qxb4 43. Qc2 Qa5 44. Qxg6+ Kh8 45. Nf7+ Rxf7 46. Qxf7
Rg8+ 47. Rg6 Rxg6+ 48. Qxg6 Qd8 49. Qxa6 Qg8+ 50. Kf1 Qg4 51. Qc8+ 1-0

[Event "CAN op"]
[Site "Hamilton CAN"]
[Date "2022.07.13"]
[Round "4.69"]
[White "Pickard, Ryan"]
[Black "Moran-Venegas, Mario"]
[Result "1-0"]
[WhiteElo "1920"]
[BlackElo "1754"]
[PlyCount "67"]
[EventDate "2022.07.12"]
[EventType "swiss"]
[EventRounds "9"]
[EventCountry "CAN"]

1. e4 c5 2. d4 cxd4 3. c3 dxc3 4. Nxc3 Nc6 5. Nf3 e6 6. Bc4 a6 7. O-O b5 8. Bb3
Na5 9. Bc2 Bb7 10. Bf4 Nf6 11. Qe2 Be7 12. Rfd1 O-O 13. Qd3 Nc6 14. a3 Nh5 15.
e5 g6 16. Bh6 Ng7 17. Qxd7 Qxd7 18. Rxd7 Rab8 19. Be4 Rfe8 20. Rxb7 Rxb7 21.
Bxc6 Rbb8 22. Bxe8 Nxe8 23. Rd1 b4 24. axb4 Bxb4 25. g3 Bf8 26. Bxf8 Kxf8 27.
Rd7 h6 28. Na4 Rb4 29. Nc5 Rxb2 30. Nxa6 g5 31. Kg2 Rb5 32. Rd8 Ke7 33. Rxe8+
Kxe8 34. Nc7+ 1-0

[Event "CAN op"]
[Site "Hamilton CAN"]
[Date "2022.07.13"]
[Round "4.70"]
[White "Mutyalapati, Modith Aaroh"]
[Black "Finlay, Ian"]
[Result "1-0"]
[WhiteElo "1688"]
[BlackElo "1914"]
[PlyCount "53"]
[EventDate "2022.07.12"]
[EventType "swiss"]
[EventRounds "9"]
[EventCountry "CAN"]

1. e4 c5 2. Nf3 a6 3. d4 cxd4 4. Nxd4 d6 5. Nc3 Nf6 6. Bg5 Nbd7 7. Bc4 e6 8.
Qf3 Ne5 9. Qe2 Nxc4 10. Qxc4 Qa5 11. Bd2 Qh5 12. O-O Be7 13. f4 O-O 14. Rae1 b5
15. Qd3 Bb7 16. Re3 Qc5 17. b4 Qb6 18. Kh1 d5 19. e5 Ne4 20. f5 Bxb4 21. f6 g6
22. Rh3 Bxc3 23. Bxc3 Qc7 24. Rxh7 Qxc3 25. Rg7+ Kh8 26. Qxc3 Nxc3 27. Rf3 1-0

[Event "CAN op"]
[Site "Hamilton CAN"]
[Date "2022.07.13"]
[Round "4.71"]
[White "He, Emma"]
[Black "Rajsic, Branislav"]
[Result "1/2-1/2"]
[WhiteElo "1903"]
[BlackElo "1738"]
[PlyCount "86"]
[EventDate "2022.07.12"]
[EventType "swiss"]
[EventRounds "9"]
[EventCountry "CAN"]

1. e4 c5 2. Nf3 d6 3. c3 Nf6 4. Bd3 g6 5. Bc2 Bg7 6. d4 cxd4 7. cxd4 O-O 8. O-O
Qc7 9. Nc3 Nc6 10. h3 a6 11. Qe2 e6 12. Be3 b5 13. Rac1 Bd7 14. Bb3 Qb8 15.
Rfd1 Na5 16. e5 Nxb3 17. axb3 Ne8 18. Ne4 Bc8 19. exd6 Nxd6 20. Bf4 e5 21. Bxe5
Bxe5 22. Nxe5 Nxe4 23. Qxe4 Bb7 24. Qh4 Qd6 25. Ng4 f5 26. Ne5 Rac8 27. Qg3 Bd5
28. h4 f4 29. Qd3 Qe7 30. h5 Rxc1 31. Rxc1 Qg5 32. Nf3 Qxh5 33. Rc5 Rd8 34. Qe2
Qg4 35. Qe7 Qd7 36. Qxd7 Rxd7 37. Ne5 Rd8 38. Rc3 Kg7 39. b4 h5 40. f3 Kf6 41.
Kf2 Ba8 42. Nc6 Rd6 43. Nb8 Rxd4 1/2-1/2

[Event "CAN op"]
[Site "Hamilton CAN"]
[Date "2022.07.13"]
[Round "4.72"]
[White "Baylon, Glenda"]
[Black "Garel, Rick"]
[Result "1/2-1/2"]
[WhiteElo "1899"]
[BlackElo "1688"]
[PlyCount "46"]
[EventDate "2022.07.12"]
[EventType "swiss"]
[EventRounds "9"]
[EventCountry "CAN"]

1. d4 Nf6 2. c4 e5 3. d5 Bc5 4. e3 d6 5. Nf3 Bg4 6. Be2 O-O 7. O-O Nbd7 8. Nc3
a5 9. b3 Bb4 10. Bb2 Bxc3 11. Bxc3 Ne4 12. Bb2 f5 13. Nd2 Bxe2 14. Qxe2 Nxd2
15. Qxd2 f4 16. f3 Qg5 17. e4 Rf6 18. Rf2 Qh4 19. Qe1 Rh6 20. h3 Rg6 21. Kf1
Rg3 22. Bc3 b6 23. Qd1 Qe7 1/2-1/2

[Event "CAN op"]
[Site "Hamilton CAN"]
[Date "2022.07.13"]
[Round "4.73"]
[White "Frangakis, Evan"]
[Black "Laughlin, Braden"]
[Result "1/2-1/2"]
[WhiteElo "1589"]
[BlackElo "1896"]
[PlyCount "139"]
[EventDate "2022.07.12"]
[EventType "swiss"]
[EventRounds "9"]
[EventCountry "CAN"]

1. d4 d5 2. Nf3 Nf6 3. c4 c6 4. Qb3 dxc4 5. Qxc4 Bf5 6. Nc3 e6 7. e3 Nbd7 8.
Nh4 Bg4 9. h3 Bh5 10. Be2 Bxe2 11. Qxe2 Be7 12. Nf3 O-O 13. O-O Re8 14. Rd1 Qc7
15. b3 Nd5 16. Bb2 Nxc3 17. Bxc3 Bf6 18. Rac1 Rad8 19. Bb2 Qa5 20. Bc3 Qh5 21.
Rd2 Nf8 22. Qd1 Rd7 23. Ne1 Qxd1 24. Rcxd1 Red8 25. Nf3 c5 26. Kf1 cxd4 27.
Bxd4 Bxd4 28. Rxd4 a6 29. Ke2 f6 30. Rxd7 Rxd7 31. Rxd7 Nxd7 32. Kd3 Kf7 33.
Kd4 Ke7 34. Ne1 Kd6 35. Nd3 h5 36. h4 b5 37. Kc3 g5 38. g3 a5 39. Kd4 Nf8 40.
Ne1 Ng6 41. hxg5 fxg5 42. Nf3 g4 43. Nd2 e5+ 44. Kd3 Ne7 45. Ne4+ Ke6 46. Nc3
Nd5 47. a3 Nxc3 48. Kxc3 Kd5 49. a4 bxa4 50. bxa4 Ke4 51. Kd2 Kf3 52. Ke1 Kg2
53. Ke2 Kh3 54. Kf1 Kh2 55. Ke1 Kg1 56. Ke2 Kg2 57. Ke1 Kf3 58. Kf1 e4 59. Ke1
Kg2 60. Ke2 Kh3 61. Kf1 h4 62. gxh4 Kxh4 63. Kg2 Kh5 64. Kg3 Kg5 65. Kg2 Kh4
66. Kh2 Kh5 67. Kg3 Kg5 68. Kg2 Kh4 69. Kh2 Kh5 70. Kg3 1/2-1/2